000 00328nam a22001457a 4500
008 230911b ||||| |||| 00| 0 eng d
020 _a0385187041
041 _aeng
080 _a53
082 _a53HER
100 _a23
101 _aFIZIK
245 _aQUANTUM REALITY BEYOND THE NEW PHYSICS
_cHERBERT .N
942 _2udc
_cBK
999 _c60310
_d60310